Éditorial (notice n° 1631492)

détails MARC
000 -LEADER
fixed length control field 02204cam a2200181 4500500
005 - DATE AND TIME OF LATEST TRANSACTION
control field 20260111105813.0
041 ## - LANGUAGE CODE
Language code of text/sound track or separate title fre
042 ## - AUTHENTICATION CODE
Authentication code dc
100 10 - MAIN ENTRY--PERSONAL NAME
Personal name Aucante, Yohann
Relator term author
245 00 - TITLE STATEMENT
Title Éditorial
260 ## - PUBLICATION, DISTRIBUTION, ETC.
Date of publication, distribution, etc. 2002.<br/>
500 ## - GENERAL NOTE
General note 63
520 ## - SUMMARY, ETC.
Summary, etc. Résumé Historiquement, réparation et restitution sont deux notions inséparables l’une de l’autre lorsqu’est envisagé le dédommagement de victimes à la suite d’un conflit international. L’exigence de compensation qui, aujourd’hui, se fait entendre à l’échelle planétaire exige de préciser les différences entre l’une et l’autre de ces deux conceptions. Celles-ci sont le fruit d’une histoire qui, dans la modernité, a connu principalement trois moments : la transition westphalienne avec Grotius, les Lumières avec Kant, la première guerre mondiale avec la critique de Carl Schmitt. Aujourd’hui, un demi-siècle après Nuremberg, une ère nouvelle voit le jour, à la faveur de nombreuses demandes de restitution et de compensations individuelles. Cette évolution du droit et de l’économie pose la question morale fondamentale de la compensation financière de la perte humaine dans toute sa singularité.
520 ## - SUMMARY, ETC.
Summary, etc. As reparations’politics have become one of the most significant dimensions of the post-cold war era, there is a need to better understand the specificity of the financial compensation victims receive after the conflict. The genealogy of post-conflict compensation shows two different aspects related to the same set of practices, reparation and restitution. In order to clarify the differences between the one and the other, we need to discuss three major historical steps : the Westphalian and Grotian transition, the Kantian moment and Carl Schmitt’s critique of Worl War I reparations. This historical and constructivist analysis helps to better understand the post-cold war new regime of truth which privileges restitution vis-à-vis reparations.
700 10 - ADDED ENTRY--PERSONAL NAME
Personal name Bollinger, Pierre
Relator term author
786 0# - DATA SOURCE ENTRY
Note Raisons politiques | 6 | 2 | 2002-05-01 | p. 3-6 | 1291-1941
856 41 - ELECTRONIC LOCATION AND ACCESS
Uniform Resource Identifier <a href="https://shs.cairn.info/revue-raisons-politiques-2002-2-page-3?lang=fr&redirect-ssocas=7080">https://shs.cairn.info/revue-raisons-politiques-2002-2-page-3?lang=fr&redirect-ssocas=7080</a>

Pas d'exemplaire disponible.

PLUDOC

PLUDOC est la plateforme unique et centralisée de gestion des bibliothèques physiques et numériques de Guinée administré par le CEDUST. Elle est la plus grande base de données de ressources documentaires pour les Étudiants, Enseignants chercheurs et Chercheurs de Guinée.

Adresse

627 919 101/664 919 101

25 boulevard du commerce
Kaloum, Conakry, Guinée

Réseaux sociaux

Powered by Netsen Group @ 2025